<?xml version="1.0" encoding="UTF-8"?>
<record
    xmlns:xsi="http://www.w3.org/2001/XMLSchema-instance"
    xsi:schemaLocation="http://www.loc.gov/MARC21/slim http://www.loc.gov/standards/marcxml/schema/MARC21slim.xsd"
    xmlns="http://www.loc.gov/MARC21/slim">

  <leader>02505cam a2200325   4500500</leader>
  <controlfield tag="005">20250120230722.0</controlfield>
  <datafield tag="041" ind1=" " ind2=" ">
    <subfield code="a">fre</subfield>
  </datafield>
  <datafield tag="042" ind1=" " ind2=" ">
    <subfield code="a">dc</subfield>
  </datafield>
  <datafield tag="100" ind1="1" ind2="0">
    <subfield code="a">Schauder, Claude</subfield>
    <subfield code="e">author</subfield>
  </datafield>
  <datafield tag="245" ind1="0" ind2="0">
    <subfield code="a">Transgression pr&#xE9;coce et m&#xE9;moire du corps</subfield>
  </datafield>
  <datafield tag="260" ind1=" " ind2=" ">
    <subfield code="c">2005.
							</subfield>
  </datafield>
  <datafield tag="500" ind1=" " ind2=" ">
    <subfield code="a">86</subfield>
  </datafield>
  <datafield tag="520" ind1=" " ind2=" ">
    <subfield code="a">On sait la profondeur des marques ou les cicatrices douloureuses jamais compl&#xE8;tement referm&#xE9;es, voire les mutilations, que laissent maintes transgressions des limites du corps de l&#x2019;enfant, y compris quand celles-ci n&#x2019;entra&#xEE;nent pas de l&#xE9;sion anatomique. Mais par quel m&#xE9;canisme le corps en garde-t-il la m&#xE9;moire et en conserve-t-il l&#x2019;empreinte invalidante&#xA0;? Comment le sujet reprend-il &#xE0; son compte et perp&#xE9;tue-t-il les effets de ces viols ou violences quand aucune s&#xE9;quelle objective n&#x2019;en signale plus la r&#xE9;alit&#xE9; ou quand les faits datent d&#x2019;un temps si pr&#xE9;coce dans la vie du nourrisson qu&#x2019;il est difficile de lui reconna&#xEE;tre le statut de sujet&#xA0;? Voil&#xE0; quelques unes des questions que le cas d&#x2019;Alexis nous permet de retravailler &#xE0; la lumi&#xE8;re de quelques &#xE9;l&#xE9;ments de la th&#xE9;orie de l&#x2019;image inconsciente du corps de Fran&#xE7;oise Dolto.</subfield>
  </datafield>
  <datafield tag="520" ind1=" " ind2=" ">
    <subfield code="a">We know how deeply a child&#x2019;s body is marked and how hurtful remain scars that never completely heal when the integrity of his body has been broken into, even if there aren&#x2019;t any anatomical injuries. But what are the processes which underly the memorisation of such disabling imprints&#xA0;? How does a subject take upon himself and perpetuate the effects of rape or violence when there is no visible proof or when the facts occurred so early in the infant&#x2019;s life that it is difficult to establish his status as a subject. These are some of the questions that Alexis&#x2019;case allows us to reconsider in the light of theoretical elements provided by Fran&#xE7;oise Dolto&#x2019;s Unconscious Body Image.</subfield>
  </datafield>
  <datafield tag="690" ind1=" " ind2=" ">
    <subfield code="a">Constipa- tion chronique</subfield>
  </datafield>
  <datafield tag="690" ind1=" " ind2=" ">
    <subfield code="a">Fran&#xE7;oise Dolto</subfield>
  </datafield>
  <datafield tag="690" ind1=" " ind2=" ">
    <subfield code="a">Transgressions</subfield>
  </datafield>
  <datafield tag="690" ind1=" " ind2=" ">
    <subfield code="a">Viols</subfield>
  </datafield>
  <datafield tag="690" ind1=" " ind2=" ">
    <subfield code="a">Pr&#xE9;coces</subfield>
  </datafield>
  <datafield tag="690" ind1=" " ind2=" ">
    <subfield code="a">S&#xE9;quelles</subfield>
  </datafield>
  <datafield tag="690" ind1=" " ind2=" ">
    <subfield code="a">Image inconsciente du corps</subfield>
  </datafield>
  <datafield tag="690" ind1=" " ind2=" ">
    <subfield code="a">Fran&#xE7;oise Dolto</subfield>
  </datafield>
  <datafield tag="690" ind1=" " ind2=" ">
    <subfield code="a">Integrity of child's body</subfield>
  </datafield>
  <datafield tag="690" ind1=" " ind2=" ">
    <subfield code="a">chronic constipation</subfield>
  </datafield>
  <datafield tag="690" ind1=" " ind2=" ">
    <subfield code="a">Unconscious body image theory</subfield>
  </datafield>
  <datafield tag="690" ind1=" " ind2=" ">
    <subfield code="a">Rape</subfield>
  </datafield>
  <datafield tag="690" ind1=" " ind2=" ">
    <subfield code="a">Anatomical injuries</subfield>
  </datafield>
  <datafield tag="786" ind1="0" ind2=" ">
    <subfield code="n">Champ psychosomatique | 38 | 2 | 2005-05-01 | p. 123-134 | 1266-5371</subfield>
  </datafield>
  <datafield tag="856" ind1="4" ind2="1">
    <subfield code="u">https://shs.cairn.info/revue-champ-psychosomatique-2005-2-page-123?lang=fr&amp;redirect-ssocas=7080</subfield>
  </datafield>
  <datafield tag="999" ind1=" " ind2=" ">
    <subfield code="c">430075</subfield>
    <subfield code="d">430075</subfield>
  </datafield>
</record>
